00542nam a2200157Ia 4500008004100000082002100041100002600062245002400088260003000112300000900142630003500151650005300186942000900239952011900248999001700367211118s9999||||xx |||||||||||||| ||und|| a894.812 3bPUT-K aPuthoor, Unnikrishnan 0aKazhchakalkkappuram bD c BooksaKottayamc1999 a90p. xMalayalam FictionGeneral Stack aMalayalam LiteratuireMalayalam NovelsvGeneralia cBOOK 00102ddc4070aSBCLbSBCLc2d2021-11-18g33.00o894.8123 PUT-Kp00104157r2021-11-18 00:00:00w2021-11-18yBOOK c98754d98754